<?xml version="1.0" encoding="UTF-8"?><marc:collection xmlns:marc="http://www.loc.gov/MARC21/slim">
  <marc:record>
    <marc:leader>00000nam##2200000za#4500</marc:leader>
    <marc:controlfield tag="001">9.640458</marc:controlfield>
    <marc:controlfield tag="003">CaOODSP</marc:controlfield>
    <marc:controlfield tag="005">20210624222658</marc:controlfield>
    <marc:controlfield tag="007">cr |||||||||||</marc:controlfield>
    <marc:controlfield tag="008">150407|1999||||xxc|||||o    f|0| 0 fre|d</marc:controlfield>
    <marc:datafield tag="040" ind1=" " ind2=" ">
      <marc:subfield code="a">CaOODSP</marc:subfield>
      <marc:subfield code="b">fre</marc:subfield>
    </marc:datafield>
    <marc:datafield tag="043" ind1=" " ind2=" ">
      <marc:subfield code="a">n-cn---</marc:subfield>
    </marc:datafield>
    <marc:datafield tag="086" ind1="1" ind2=" ">
      <marc:subfield code="a">H34-257/3-1999F-PDF</marc:subfield>
    </marc:datafield>
    <marc:datafield tag="110" ind1="1" ind2=" ">
      <marc:subfield code="a">Canada.</marc:subfield>
      <marc:subfield code="b">Santé Canada. </marc:subfield>
      <marc:subfield code="b">Direction générale des services médicaux.</marc:subfield>
    </marc:datafield>
    <marc:datafield tag="245" ind1="1" ind2="0">
      <marc:subfield code="a">Passation du contrôle des programmes de santé aux communautés inuit des Premières Nations. Guide 3, : </marc:subfield>
      <marc:subfield code="h">[ressource électronique]</marc:subfield>
      <marc:subfield code="b">Après le transfert - le nouvel environnement </marc:subfield>
    </marc:datafield>
    <marc:datafield tag="260" ind1=" " ind2=" ">
      <marc:subfield code="a">Ottawa - Ontario : </marc:subfield>
      <marc:subfield code="b">Santé Canada. </marc:subfield>
      <marc:subfield code="c">Mars 1999.</marc:subfield>
    </marc:datafield>
    <marc:datafield tag="300" ind1=" " ind2=" ">
      <marc:subfield code="a">45p.</marc:subfield>
      <marc:subfield code="b">tableaux</marc:subfield>
    </marc:datafield>
    <marc:datafield tag="590" ind1=" " ind2=" ">
      <marc:subfield code="a">12-27-Supp</marc:subfield>
      <marc:subfield code="b">2012-06-12</marc:subfield>
    </marc:datafield>
    <marc:datafield tag="775" ind1="0" ind2="8">
      <marc:subfield code="t">Transfer of health programs to First Nations and Inuit communities. Handbook 3, : </marc:subfield>
      <marc:subfield code="w">(CaOODSP)9.696331</marc:subfield>
    </marc:datafield>
    <marc:datafield tag="856" ind1="4" ind2="0">
      <marc:subfield code="a">http://publications.gc.ca</marc:subfield>
      <marc:subfield code="q">PDF</marc:subfield>
      <marc:subfield code="s">274 Ko</marc:subfield>
      <marc:subfield code="u">https://publications.gc.ca/collections/collection_2012/sc-hc/H34-257-3-1999-fra.pdf</marc:subfield>
    </marc:datafield>
  </marc:record>
</marc:collection>
